000 00893nam a2200169 4500
999 _c63826
_d63826
003 Ge_BSU
005 20260129133946.0
008 260129s1971 ge ||||| |||| 00| 0 geo d
041 _ageo
080 _a331.101.262(479.22) ა-27
100 _aადეიშვილი, გიორგი
_9689
245 _aშრომითი რესურსების კვლავწარმოების პრობლემები საბჭოთა საქართველოში /
_cგიორგი ადეიშვილი.
264 _aთბილისი :
_bსაბჭოთა საქართველო,
_c1971.
300 _a198 გვ. :
_b 1 ფ. ცხრ. ;
_c21 სმ.
653 _aშრომითი რესურსების კვლავწარმოება საქართველოში
942 _2udc
_cᲬᲘᲒᲜᲘ